Conservación casera de frutas y hortalizas
Spremljeno u:
| Glavni autori: | , , |
|---|---|
| Format: | Knjiga |
| Jezik: | španjolski |
| Izdano: |
Zaragoza
Acribia
1996
|
| Teme: | |
| Oznake: |
Dodaj oznaku
Bez oznaka, Budi prvi tko označuje ovaj zapis!
|
MARC
| LEADER | 00000nam a2200000 a 4500 | ||
|---|---|---|---|
| 001 | UCH3551 | ||
| 003 | CL-VaPUC | ||
| 008 | 090806e19960000SP |||||||||||||||||spa|d | ||
| 020 | |a 8420008109 | ||
| 082 | 0 | 4 | |a 664.028 |b STU |2 21 |
| 100 | 0 | |a Studer, Arnold |e author |9 538880 | |
| 700 | 0 | |a Daepp, Hans Ulrich |e author |9 538881 | |
| 700 | 0 | |a Suter, Edith |e author |9 538882 | |
| 245 | 1 | 0 | |a Conservación casera de frutas y hortalizas |
| 300 | |a 167 p | ||
| 942 | |c BK | ||
| 945 | |d 20090806 00:00:00 |a dcastane | ||
| 260 | |a Zaragoza |b Acribia |c 1996 | ||
| 650 | 7 | |a TECNOLOGIA DE ALIMENTOS |2 CL-VaPUC |9 538883 | |
| 650 | 0 | |a Frutas |9 259500 | |
| 650 | 0 | |a Verduras |9 350549 | |
| 650 | 0 | |a Hortalizas |9 259501 | |
| 650 | 7 | |a CONTROL DE ALIMENTOS |2 CL-VaPUC |9 262967 | |
| 583 | |a last modification |c 20090806 00:00:00 |k Rodrigo Vera | ||
| 999 | |c 335034 |d 335032 | ||
| 952 | |0 0 |1 0 |4 0 |6 664_028000000000000_STU_1996 |7 0 |8 A |9 424535 |a BIBALI |b BIBALI |c RES |d 2019-11-22 |i 4586166 |o 664.028 STU 1996 |p 4586166 |r 2025-01-20 |w 2019-11-22 |y BK_R |k ALI | ||
| 952 | |0 0 |1 0 |4 0 |6 664_028000000000000_STU_1996 |7 0 |8 A |9 424536 |a BIBALI |b BIBALI |c RES |d 2019-11-22 |i 4586174 |o 664.028 STU 1996 |p 4586174 |r 2025-01-20 |w 2019-11-22 |y BK_R |k ALI | ||